Democracias Europeias em 1939 - Statistics

Estatísticas Gerais
  • Esse quiz foi jogado 69 vezes
  • A pontuação média é 10 de 16
Estatísticas das Respostas
Country % Correto
França
91%
Reino Unido
91%
Suécia
84%
Noruega
80%
Finlândia
79%
Bélgica
77%
Suíça
71%
Países Baixos
68%
Dinamarca
64%
Luxemburgo
64%
Irlanda
63%
Andorra
57%
Hungria
41%
Liechtenstein
34%
Jugoslávia
32%
Estónia
29%
Nenhum quiz correspondente encontrado
Distribuição das Pontuações
Porcentagem de Pessoas com Cada Pontuação
Percentil de Números Respondidos
Sua Pontuação Histórica
Você não jogou esse quiz